LIBRARY & INFORMATION CENTRE, KCAET, TAVANUR

ONLINE PUBLIC ACCESS CATALOGUE (OPAC)

Introduction to soil and water conservation engineering / (Record no. 11252)

MARC details
000 -LEADER
fixed length control field 00499cam a2200193ua 4500
020 ## - INTERNATIONAL STANDARD BOOK NUMBER
ISBN 9788127267445
082 ## - DEWEY DECIMAL CLASSIFICATION NUMBER
Classification number 631.45
Item number MAL/IN
100 ## - MAIN ENTRY--AUTHOR NAME
Personal name Mal, Bimal Chandra .
245 ## - TITLE STATEMENT
Title Introduction to soil and water conservation engineering /
260 ## - PUBLICATION, DISTRIBUTION, ETC. (IMPRINT)
Place of publication New Delhi :
Name of publisher Kalyani Publishers ,
Year of publication 1999.
300 ## - PHYSICAL DESCRIPTION
Number of Pages 422 ; .
650 ## - SUBJECT ADDED ENTRY--TOPICAL TERM
Topical Term Drainage
650 ## - SUBJECT ADDED ENTRY--TOPICAL TERM
Topical Term Irrigation
650 ## - SUBJECT ADDED ENTRY--TOPICAL TERM
Topical Term Levelling
650 ## - SUBJECT ADDED ENTRY--TOPICAL TERM
Topical Term Soil conservation
650 ## - SUBJECT ADDED ENTRY--TOPICAL TERM
Topical Term Surveying
650 ## - SUBJECT ADDED ENTRY--TOPICAL TERM
Topical Term Water erosion
942 ## - ADDED ENTRY ELEMENTS (KOHA)
Koha item type Books
Holdings
Withdrawn status Lost status Damaged status Home library Current library Date acquired Full call number Accession Number Koha item type Collection code Shelving location Source of acquisition Cost, normal purchase price
      KAUAET KAUAET 07/04/2012 631.45 20683 Books        
      KAUAET KAUAET 30/03/2013 631.45 MAL/IN 23776 Books Non-fiction General Stacks Minerva Books 260.00
free website counter